| 000 | 01000cab a2200205 4500 | ||
|---|---|---|---|
| 001 | ABS37473 | ||
| 008 | 090401t1987 xxu||||| |||| 00| 0 eng d | ||
| 035 | _a(Sirsi) u4782 | ||
| 041 | _aeng | ||
| 100 | _aTietz, S B et al | ||
| 245 | _aColloquium : The engineer`s tasks and responsibilities - the effect of different forms of contract | ||
| 260 | _c1987 | ||
| 350 | _a0 | ||
| 490 |
_aStructural Engineer _v65A (3) March 1987, 89-98 (10) |
||
| 520 | _aText of papers presented at a meeting of the Institution of Structural Engineers on 12 March 1987. The papers examine an engineer`s duties under various types of building contracts and building procurement systems including the JCT Forms , the British Property Federation system. project management and management contracting . The professional conditions of engagement discussed concentrate on the BPF/ACE conditions . | ||
| 650 | _aBPF CONTRACT | ||
| 690 | _aBUILT ENVIRONMENT-BUILDING CONTRACT FORMS | ||
| 942 | _n0 | ||
| 948 | _c04/03/1997 | ||
| 999 |
_c2893 _d2893 |
||